Irish Verbs Revenge 2 - Statistics

General Stats
  • This quiz has been taken 22 times
  • The average score is 9 of 93
Answer Stats
Hint Answer % Correct
read V léigh
67%
be V
50%
hear V clois
50%
speak/talk V labhair
50%
buy V ceannaigh
33%
VA cloiste
33%
sell/pay V díol
33%
play V imir
33%
S
33%
PRE léim/léann
33%
VA léite
33%
stop V stad
33%
understand V tuig
33%
F beidh
17%
VN bhéith
17%
P bhí
17%
move V bog
17%
VN bogadh
17%
win V buaigh
17%
lose V caill
17%
turn V cas
17%
P chuala
17%
VN díol
17%
VA díolta
17%
listen V éist
17%
learn V foghlaim
17%
S go raibh
17%
VN imirt
17%
VN labhairt
17%
VN léamh
17%
S NEG ná raibh
17%
PRE NEG níl
17%
P NEG ní raibh
17%
VN stad
17%
PRE
17%
fight V troid
17%
S bhfoglaimí
0%
VA bogtha
0%
VN buachan
0%
VA buaite
0%
VN cailleadh
0%
VA caillte
0%
VN casadh
0%
VA casta
0%
VN ceannach
0%
VA ceannaithe
0%
VN cloisteáil
0%
keep V connigh
0%
VA connithe
0%
VN conniú
0%
help V cuidigh
0%
VA cuidithe
0%
VN cuidiú
0%
S dtroide
0%
S dtuige
0%
VA éiste
0%
VN éisteacht
0%
VN foghlaim
0%
VA foglamhta
0%
S gcaille
0%
S gcasa
0%
S gceannaí
0%
S gcloiste
0%
S gconní
0%
S gcuidí
0%
VA imeartha
0%
VA labhartha
0%
S léirí
0%
show V léirigh
0%
VA léirithe
0%
VN léiriú
0%
live V mair
0%
S maire
0%
AN maireachtáil
0%
VA martha
0%
S mboga
0%
S mbua
0%
S ndíola
0%
S n-éiste
0%
F NEG ní bheith
0%
S n-imrí
0%
stand V seas
0%
VN seasamh
0%
VA seasta
0%
S stada
0%
VA stadta
0%
VA suí
0%
sit VN suigh
0%
S suite
0%
VN troid
0%
VA troidte
0%
VA tuigthe
0%
VN tuiscint
0%
No matching quizzes found
Score Distribution
Percent of People with Each Score
Percentile by Number Answered
Your Score History
You have not taken this quiz